00545nam a2200145Ia 4500008004000000082001700040100002100057245005400078260006600132300001000198690002100208906001100229999001700240952014200257210210b2000 xxu||||| |||| 00| 0 eng d a355.092 GANG aGANAPATHY (B D). aGeneral cariappa 75th year felicitation souvenir. aMangalorebThe general cariappa felicitation committee.c2000 a45... aMilitary Science a045809 c95227d95227 001040708Political ScienceaALbALcPolitical Scienced2021-02-17g10.00l0o355.092 GANGp045809r2021-02-17 00:00:00w2021-02-17yBK